Energy prices & taxes - third quarter 1996

Salvato in:
Dettagli Bibliografici
Natura: Libro
Lingua:inglese
Pubblicazione: Paris OECD/IEA 1996
Serie:IEA statistics
Soggetti:
Tags: Aggiungi Tag
Nessun Tag, puoi essere il primo ad aggiungerne!!

MARC

LEADER 00000nam a2200000 4500
001 c117820
005 20221123123808.5
020 |a 92-64-15369-1 
022 |a 0256-2332 
041 0 |a eng 
044 |a FR 
245 1 0 |a Energy prices & taxes - third quarter 1996 
264 1 |a Paris  |b OECD/IEA  |c 1996 
300 |a 412 s. 
490 1 |a IEA statistics 
830 0 |a IEA statistics 
500 |a Titul je od r. 2002 spracovaný v BD Seriály. 
610 2 0 |a energetika 
610 2 0 |a energia 
610 2 0 |a dane 
610 2 0 |a obchod medzinárodný 
610 2 0 |a komodity 
610 2 0 |a porovnanie cenové